Score 0/35 Timer 04:00
0 Plays Today
% Correct
Street
99.1%
Saving
97.9%
Park
97.1%
Life
95.3%
Little
95.1%
Love
94.9%
Secret
91.8%
Perfect
90.3%
Country
90.2%
Rotten
89.3%
City
89%
End
87.8%
Old
86.6%
Longest
84.9%
Express
84.8%
Raging
84.7%
Emperor's
84.5%
Crashers
84.4%
% Correct
Linings
83.6%
Passion
83.3%
Eternal
81%
Royal
80.3%
Our
79.1%
Cast
78.3%
Reservoir
76.1%
One
75.5%
Shaun
74.8%
Pilgrim
73.5%
Cable
64.3%
Ridge
59.5%
Phillips
58.7%
Orange
57.9%
Out
55%
Step
52%
English
42.1%

Today's Daily Dose

You're not logged in!

Compare scores with friends on all Sporcle quizzes.
OR
Log In

Sporcle TV

Today on Sporcle TV


Watch our educational content, quiz creation guides, and fun videos on Sporcle TV.

Show Comments

Extras

Top Quizzes Today


Score Distribution

Your Account Isn't Verified!

In order to create a playlist on Sporcle, you need to verify the email address you used during registration. Go to your Sporcle Settings to finish the process.

Report this User

Report this user for behavior that violates our Community Guidelines.

Details: